Poems and prayers for the very young. (Record no. 1727)

MARC details
000 -LEADER
fixed length control field 00866cam a2200265 4500
005 - DATE AND TIME OF LATEST TRANSACTION
control field 20230921094442.0
020 ## - INTERNATIONAL STANDARD BOOK NUMBER
International Standard Book Number 0394827058
040 ## - CATALOGING SOURCE
Original cataloging agency DLC
Transcribing agency DLC
Modifying agency DLC
-- FISKH
Language of cataloging eng
050 00 - LIBRARY OF CONGRESS CALL NUMBER
Classification number PZ8.3.A377
Item number Po
082 00 - DEWEY DECIMAL CLASSIFICATION NUMBER
Classification number 808.81/5
100 1# - MAIN ENTRY--PERSONAL NAME
Personal name Alexander, Martha,
Dates associated with a name 1920-2006,
Relator term comp.
245 10 - TITLE STATEMENT
Title Poems and prayers for the very young.
Statement of responsibility, etc. Selected and illustrated by Martha Alexander.
260 ## - PUBLICATION, DISTRIBUTION, ETC.
Place of publication, distribution, etc. New York :
Name of publisher, distributor, etc. Random House,
Date of publication, distribution, etc. [1973]
300 ## - PHYSICAL DESCRIPTION
Extent 32 unnumbered pages :
Other physical details color illustrations
Dimensions 21 cm.
505 ## - FORMATTED CONTENTS NOTE
Formatted contents note H
520 ## - SUMMARY, ETC.
Summary, etc. A collection of poems by various poets, many with a spiritual orientation.
521 ## - TARGET AUDIENCE NOTE
Target audience note 510<br/><br/>
Source Lexile estimate
521 ## - TARGET AUDIENCE NOTE
Target audience note H<br/>
Source Raz-Plus
650 #0 - SUBJECT ADDED ENTRY--TOPICAL TERM
Topical term or geographic name entry element Children's poetry.
650 #1 - SUBJECT ADDED ENTRY--TOPICAL TERM
Topical term or geographic name entry element Poetry
General subdivision Collections.
650 #1 - SUBJECT ADDED ENTRY--TOPICAL TERM
Topical term or geographic name entry element Religious poetry.
906 ## - LOCAL DATA ELEMENT F, LDF (RLIN)
a 7
b cbc
c orignew
d 2
e ocip
f 19
g y-gencatlg
942 ## - ADDED ENTRY ELEMENTS (KOHA)
Source of classification or shelving scheme Library of Congress Classification
Koha item type Books
Suppress in OPAC No
999 ## -
-- 1727
-- 1727
Holdings
Withdrawn status Lost status Source of classification or shelving scheme Damaged status Not for loan Collection Home library Current library Shelving location Date acquired Total Checkouts Full call number Barcode Date last seen Price effective from Koha item type
    Dewey Decimal Classification     Non-Fiction Footprints International School Library Network Toul Kork Campus Footprints International School Library Network Toul Kork Campus TK Primary Library Room(4th Floor), Bookcase 3&4, Shelves 17-32, Yellow Books 09/21/2023   ALE 808.815 PZ8.A377 FISTKKB013 09/21/2023 09/21/2023 Books